00534nam a2200205 a 4500001001300000003000900013005001700022008004100039020000900080082001600089100002500105245004700130260002500177300000900202500003500211505001700246650002100263650001900284700002500303nice12345678IN_TiNIC20260116011637.0050524s1979 dela grp 000 0 eng  ac2000a294.53bMCM aMcmullen, Clarence O aRituals and Sacraments in Indian Religions aDelhi bISPCK c1979 a141p aincludes index and biblioraphy2 abibliography aHinduism-Rituals aIndia-Religion1 aMcmullen, Clarence O